000 00495nam a2200181Ia 4500
005 20250326125259.0
008 250326s9999 xx 000 0 und d
037 _aTextbook
040 _aFMSL
_beng
_cFMSL
041 _aeng
_2eng
084 _aX625.1 L9
_qFMSL
100 _aDonaldson T H
245 0 _aInternational lending by commercial banks
_cDonaldson T H
260 _aNY
_bNY, Macmillan
_c1979
300 _a187p
942 _cTB
_hX625.1 L9
999 _c1277327
_d1277327